000 01690nam a22002297a 4500
999 _c3913
_d3913
005 20241119151705.0
008 241119b ||||| |||| 00| 0 eng d
020 _a9780008475994
040 _cKH8
082 _aFIC RAN
100 _aRangeley, Iona
_eAuthor
245 _aEinstein the penguin
_cIona Rangeley
260 _aLondon,
_bHarper Collins,
_c2022
300 _a 235 pages :
_billustrations ;
_c20 cm.
520 _aPerfect for all readers from 7 to 70, Einstein the Penguin introduces an unforgettable new character in a future-classic and fantastically funny debut for all the family to enjoy. Get ready to welcome the most extraordinary penguin into your own home... When the Stewarts spend a sunny, frosty December day at London Zoo, they're enchanted by one small penguin. At the delight of young Imogen and Arthur, Mrs Stewart insists the penguin must come and stay with them whenever he likes. But not one Stewart expects the penguin to turn up at their door that evening, rucksack labelled Einstein on his back... The family's new feathered friend helps Arthur to come out of his shell and makes massive demands on Imogen's amateur sleuthing. But together they must find out why Einstein came to them and they must keep away from the mysterious white-coat man. And Einstein can't stay forever, can he...? From stunning new writing talent Iona Rangeley, and illustrated with wit and brio by the award-winning David Tazzyman, this is a book that will be treasured for years to come
521 _aChildren's stories
650 _aAnimal fiction
650 _aAnimals
650 _aHumorous fiction
700 _aTazzyman, David
_eIllustrator
942 _2ddc
_cFIC